| 000 | 00581 a2200205 4500 | ||
|---|---|---|---|
| 005 | 20260318090149.0 | ||
| 008 | 260316b |||||||| |||| 00| 0 eng d | ||
| 020 |
_a9789384603861 _cRs. 495.00 |
||
| 040 | _aMAIN | ||
| 082 |
_a181.45 _bS23P |
||
| 100 | _a Sharma, Hiralal | ||
| 245 | _aPsychological, spiritual and philosophical study of yoga science and health | ||
| 260 |
_aNew Delhi _bSports Educational Technologies _c2022 |
||
| 300 | _axxvi, 69 | ||
| 650 | _aPhilosophy | ||
| 650 | _aIndian Philosophy | ||
| 650 | _aYoga Science | ||
| 700 | _aSharma, S | ||
| 942 | _cBK | ||
| 999 |
_c396164 _d396164 |
||